[Event "Chioggia op-B 14th"]
[Site "Chioggia"]
[Date "2019.10.06"]
[Round "4"]
[White "Boscolo Moreto, Davide"]
[Black "Bernardi, Matteo"]
[Result "1-0"]
[WhiteElo "1440"]
[BlackElo "1506"]
[PlyCount "91"]
[EventDate "2019.10.04"]
[EventType "swiss"]
[EventRounds "5"]
[EventCountry "ITA"]
[SourceTitle "EXT 2022"]
[Source "ChessBase"]
[SourceDate "2021.10.06"]
[SourceVersion "1"]
[SourceVersionDate "2021.10.06"]
[SourceQuality "1"]

1. d4 d5 2. c4 e6 3. Bf4 Nf6 4. Nf3 Be7 5. Nc3 0-0 6. e3 c5 7. Bd3 Nc6 8. 0-0 b6 9. Re1 Bb7 10. Qc2 Nb4 11. Qb1 Nxd3 12. Qxd3 h6 13. Rad1 dxc4 14. Qxc4 Bxf3 15. gxf3 Qc8 16. d5 exd5 17. Nxd5 Nxd5 18. Rxd5 Rd8 19. Red1 Rxd5 20. Rxd5 Bf6 21. b3 Qe8 22. Qe4 Qxe4 23. fxe4 Rd8 24. Kg2 Kf8 25. Kg3 Rxd5 26. exd5 a6 27. Bc7 b5 28. Ba5 Be5+ 29. f4 Bd6 30. Kg4 Ke7 31. e4 f6 32. Kf5 Kf7 33. Bc3 g6+ 34. Kg4 h5+ 35. Kf3 c4 36. e5 fxe5 37. fxe5 Bb8 38. Kf4 cxb3 39. axb3 a5 40. Bxa5 g5+ 41. Kf5 g4 42. Be1 Ke8 43. Bg3 Kf8 44. Kg5 Kf7 45. Kxh5 Ke7 46. Kxg4 1-0